Batman Arkham City Characters - Statistics

General Stats
  • This quiz has been taken 236 times
  • The average score is 28 of 35
Answer Stats
Hint Answer % Correct
...Viligante by night Batman
100%
Clown gang leader in the Industrial Disctict The Joker
100%
Billionaire Playboy by day... Bruce Wayne
98%
Cat-burglar who is captured within the courthouse Catwoman
98%
Girlfriend, Assistant and Subsequent Widow of the above Harley Quinn
97%
Short in stature mobster found in the Iceberg Lounge Penguin
97%
Curious, puzzle infatuated villain who kidnaps the medical team The Riddler
96%
Disfigured crime boss within the Courthouse Two Face/Harvey Dent
95%
Cold scientist who operates out of the GCPD trying to cure his wife Mr Freeze
93%
A TITAN-fueled strongman who intends to destroy all the TITAN across the City Bane
92%
Botanist who has used her plant powers to occupy an abandoned hotel Poison Ivy
92%
Immortal warrior who runs the league of Assassins from Wonder City Ra's Al Ghul
92%
Boy Wonder who saves the protagonist during his first encounter with an Assassin Robin
92%
A deadly sniper who is targeting political prisoners throughout the City Deadshot
90%
Mastermind of Arkham City Dr. Hugo Strange
90%
Daughter of the above and Ex-Lover of Batman Talia Al Ghul
90%
A reptilian who inhabits the sewers, seen by pressing a button with a batarang Killer Croc
89%
Zombie goliath who is chained beneath the iceberg lounge Solomon Grundy
89%
A deranged criminal resembling a character from Alice in Wonderland Mad Hatter
87%
Butler of the protagonist's identity and his assistant in vigilantism Alfred Pennyworth
85%
A monster deployed by Joker in the cinema finale Clayface
84%
Wheelchair-bound assistant of the protagonist and his Bat-family Oracle
84%
A time-obsessed man locked in the courthouse basement Calendar Man
80%
A killer who removes his victims faces to appear more like his childhood friend Hush
80%
A mystic knight who observes the protagonist and leaves cryptic symbols Azrael
79%
Serial Killer who taunts the protagonist through payphones Victor Zsasz
78%
Ex-Mayor of Gotham City and Ex-Warden of Arkham Asylum Quincy Sharp
73%
Reporter who's helicopter is eventually shot down outside of GCPD Vicki Vale
71%
A high ranking GCPD officer who is rescued from the church Aaron Cash
68%
Journalist who is arrested as a political prisoner Jack Ryder
66%
A puppet featured in one of the museum's displays Scarface
64%
With his only arm he brandishes a construction tool Hammer
49%
A shark featured in the water tank within the museum Tiny
49%
With his only arm he brandishes a farming tool Sickle
46%
A nurse who was kidnapped with the purpose of treating the Clown Prince of Crime Stacy Baker
12%
No matching quizzes found
Score Distribution
Percent of People with Each Score
Percentile by Number Answered
Your Score History
You have not taken this quiz